Geography by letter A - Click - Statistics

General Stats
  • This quiz has been taken 203 times
  • The average score is 13 of 15
Answer Stats
Hint Answer % Correct
Country where Taliban live Afghanistan
97%
Name of the 2nd biggest river in the world Amazon
97%
Capital of Greece Athens
97%
''Down Under'' Australia
97%
Southernmost Country Starting with A Argentina
91%
What State name had a ship that sank at Pearl Harbor Arizona
91%
Biggest City in Alaska Anchorage
89%
How is called New Zealand By Maori Aotearoa
86%
Name of an Island that is formed by corals Atoll
85%
Country Bordering the Caspian Sea Azerbaijan
81%
Biggest city in Ivory coast(Not Capital) Abidjan
77%
What is the name of the island near Curacao Aruba
77%
Capital of Tonga Nuku'... Alofa
72%
Means old in Spanish Antigua
63%
Name of an island chain near Myanmar A... and Nicobar Andaman
58%
No matching quizzes found
Score Distribution
Percent of People with Each Score
Percentile by Number Answered
Your Score History
You have not taken this quiz